A companion to Heidegger's Introduction to metaphysics / (Record no. 30)

MARC details
000 -LEADER
fixed length control field 01246cam a22003134a 4500
001 - CONTROL NUMBER
control field 12188852
003 - CONTROL NUMBER IDENTIFIER
control field OSt
005 - DATE AND TIME OF LATEST TRANSACTION
control field 20200421093817.0
008 - FIXED-LENGTH DATA ELEMENTS--GENERAL INFORMATION
fixed length control field 000928s2001 ctu b 001 0 eng
010 ## - LIBRARY OF CONGRESS CONTROL NUMBER
LC control number 00049990
020 ## - INTERNATIONAL STANDARD BOOK NUMBER
International Standard Book Number 0300085230 (alk. paper)
020 ## - INTERNATIONAL STANDARD BOOK NUMBER
International Standard Book Number 0300085249 (pbk. : alk. paper)
040 ## - CATALOGING SOURCE
Original cataloging agency DLC
Transcribing agency DLC
Modifying agency DLC
042 ## - AUTHENTICATION CODE
Authentication code pcc
050 00 - LIBRARY OF CONGRESS CALL NUMBER
Classification number B3279.H483
Item number E563 2001
082 00 - DEWEY DECIMAL CLASSIFICATION NUMBER
Classification number 110
Edition information 21
245 02 - TITLE STATEMENT
Title A companion to Heidegger's Introduction to metaphysics /
Statement of responsibility, etc. edited by Richard Polt and Gregory Fried.
260 ## - PUBLICATION, DISTRIBUTION, ETC.
Place of publication, distribution, etc. New Haven :
Name of publisher, distributor, etc. Yale University Press,
Date of publication, distribution, etc. c2001.
300 ## - PHYSICAL DESCRIPTION
Extent xvii, 342 p. ;
Dimensions 24 cm.
504 ## - BIBLIOGRAPHY, ETC. NOTE
Bibliography, etc. note Includes bibliographical references (p. xiv-xvi) and index.
600 10 - SUBJECT ADDED ENTRY--PERSONAL NAME
Personal name Heidegger, Martin,
Dates associated with a name 1889-1976.
Title of a work Einführung in die Metaphysik.
690 ## - LOCAL SUBJECT ADDED ENTRY--TOPICAL TERM (OCLC, RLIN)
Source of heading or term a
700 1# - ADDED ENTRY--PERSONAL NAME
Personal name Polt, Richard F. H.,
Dates associated with a name 1964-
9 (RLIN) 592
700 1# - ADDED ENTRY--PERSONAL NAME
Personal name Fried, Gregory,
Dates associated with a name 1961-
9 (RLIN) 593
700 1# - ADDED ENTRY--PERSONAL NAME
Personal name Heidegger, Martin,
Dates associated with a name 1889-1976.
Title of a work Einführung in die Metaphysik.
906 ## - LOCAL DATA ELEMENT F, LDF (RLIN)
a 7
b cbc
c orignew
d 1
e ocip
f 20
g y-gencatlg
942 ## - ADDED ENTRY ELEMENTS (KOHA)
Source of classification or shelving scheme Dewey Decimal Classification
Koha item type Books
Holdings
Withdrawn status Lost status Damaged status Not for loan Collection Home library Current library Shelving location Date acquired Barcode Date last seen Price effective from Koha item type
        Reference Centerville Centerville General stacks 09/04/2014 39999000001334 09/04/2014 09/04/2014 Books
        Reference Fairview Fairview General stacks 09/04/2014 39999000001358 09/04/2014 09/04/2014 Books
        Reference Midway Midway General stacks 09/04/2014 39999000001372 09/04/2014 09/04/2014 Books